Mixed Word: Progressively Harder Quiz Stats

 Plays Quiz Updated Jun 17, 2018

Challenge
Share
Tweet
Embed
Score 0/20 Timer 03:00
1 Play Today
Scramble Word % Correct
SKAAsk
99.2%
PILLip
98.6%
OGLLog
98.6%
LALYAlly
92.6%
NORIIron
90.5%
OWNRCCrown
82.3%
GYREGrey
82.3%
ALOTTTotal
80.9%
LAFFERRaffle
66.5%
BLEERRebel
60.9%
Scramble Word % Correct
First letters make this wordAlligator
55.5%
FFOALOffal
54.8%
ARCROTCarrot
54.6%
BBLADEDabble
51.3%
First letters make this wordCrocodile
34.1%
BYEOEDObeyed
33.7%
RINGIOOrigin
29.5%
OMEINCIncome
28.3%
THEPLANEElephant
21.5%
CLONEIXLexicon
18.3%

You're not logged in!

Compare scores with friends on all Sporcle quizzes.
Join for Free
OR
Log In

You Might Also Like...

Show Comments

Extras

Top Quizzes Today


Score Distribution

Your Account Isn't Verified!

In order to create a playlist on Sporcle, you need to verify the email address you used during registration. Go to your Sporcle Settings to finish the process.

Report this User

Report this user for behavior that violates our Community Guidelines.

Details: